التوضيح شرح تنقيح الأصول :altawdih sharh liltanqih al'usul / (Record no. 74349)
[ view plain ]
| 000 -LEADER | |
|---|---|
| fixed length control field | 00832nam a2200205 u 4500 |
| 001 - CONTROL NUMBER | |
| control field | 74349 |
| 003 - CONTROL NUMBER IDENTIFIER | |
| rucl marc code | BD-RjUL |
| 005 - DATE AND TIME OF LATEST TRANSACTION | |
| control field | 20220615123615.0 |
| 008 - FIXED-LENGTH DATA ELEMENTS--GENERAL INFORMATION | |
| fixed length control field | 220615s1883 ii 000 0 ara d |
| 035 ## - SYSTEM CONTROL NUMBER | |
| System control number | (BD-RjUL)74349 |
| 040 ## - CATALOGING SOURCE | |
| Original cataloging agency | NNL |
| Language of cataloging | ara |
| Transcribing agency | BD-RjUL |
| 041 ## - LANGUAGE CODE | |
| Language code of text/sound track or separate title | ara |
| 082 ## - DEWEY DECIMAL CLASSIFICATION NUMBER | |
| Edition number | 23 |
| Classification number | 340.4901 |
| Author mark and year | MAT 1863 |
| 100 1# - MAIN ENTRY--PERSONAL NAME | |
| Personal name | المحبوبي، عبيد الله بن مسعود، ;; Mahboubi, Obaidullah bin Masoud, |
| Dates associated with a name | توفي 1346 أو 1347 |
| 9 (RLIN) | 3632 |
| 245 12 - TITLE STATEMENT | |
| Title | التوضيح شرح تنقيح الأصول :altawdih sharh liltanqih al'usul / |
| Statement of responsibility, etc. | Obaidullah bin Masoud Al-Mahboubi Al-Bukhari ;; عبيد الله بن مسعود المحبوبى البخاري |
| 260 ## - PUBLICATION, DISTRIBUTION, ETC. (IMPRINT) | |
| Place of publication, distribution, etc. | kolkata : |
| Name of publisher, distributor, etc. | المطبعة الايمپراطورية، |
| Date of publication, distribution, etc. | 1863 |
| 300 ## - PHYSICAL DESCRIPTION | |
| Pagination | 390 p. ; |
| Size | 25 cm |
| 650 #4 - SUBJECT ADDED ENTRY--TOPICAL TERM | |
| Topical term or geographic name as entry element | Islamic law |
| General subdivision | Philosophy |
| 9 (RLIN) | 3633 |
| 942 ## - ADDED ENTRY ELEMENTS (KOHA) | |
| Source of classification or shelving scheme | Dewey Decimal Classification |
| Koha item type | Books |
| Lost status | Source of classification or shelving scheme | Damaged status | Not for loan | Collection code | Permanent Location | Current Location | Shelving location | Date acquired | Total Checkouts | Full call number | Date last seen | Copy number | Koha item type |
|---|---|---|---|---|---|---|---|---|---|---|---|---|---|
| Dewey Decimal Classification | Non-fiction | Central Library, University of Rajshahi | Central Library, University of Rajshahi | General Stacks | 15/06/2022 | A 340.4901 MAT 1863 | 15/06/2022 | C-1 | Books |